Some aspects of cooperative farming in India with special reference to the Punjab (Record no. 366671)

000 -LEADER
fixed length control field 00470cam a22001337a 4500
008 - FIXED-LENGTH DATA ELEMENTS--GENERAL INFORMATION
fixed length control field 180718b1966 xxu||||| |||| 00| 0 eng d
082 ## - DEWEY DECIMAL CLASSIFICATION NUMBER
Classification number Z41x5433 G748
100 ## - MAIN ENTRY--PERSONAL NAME
Personal name Goyal, S.K.
245 ## - TITLE STATEMENT
Title Some aspects of cooperative farming in India with special reference to the Punjab
Statement of responsibility, etc. by S.K. Goyal
260 ## - PUBLICATION, DISTRIBUTION, ETC.
Place of publication, distribution, etc. Bombay
Name of publisher, distributor, etc. Asia
Date of publication, distribution, etc. 1966
300 ## - PHYSICAL DESCRIPTION
Extent 210p.
440 ## - SERIES STATEMENT/ADDED ENTRY--TITLE
Title Institute of Economic Growth Studies in Economic Growth; 9
650 ## - SUBJECT ADDED ENTRY--TOPICAL TERM
Topical term or geographic name entry element Agriculture, Cooperative --India --Punjab
Holdings
Withdrawn status Lost status Damaged status Not for loan Permanent Location Current Location Date acquired Full call number Barcode Date last seen Price effective from Koha item type
        Indian Institute of Public Administration Indian Institute of Public Administration 1994-05-05 Z41x5433 G748 40210 2018-07-21 2018-07-21 Book

Powered by Koha